Shortest Words - C - Statistics

General Stats
  • This quiz has been taken 58 times
  • The average score is 35 of 41
Answer Stats
Answer % Correct
car
100%
cat
100%
cab
98%
cad
98%
can
98%
cap
98%
cop
96%
cor
96%
cut
96%
cam
94%
cog
94%
con
94%
cot
94%
cur
94%
cod
92%
cow
92%
cum
92%
caw
90%
cep
90%
cos
90%
cup
90%
caf
88%
cay
88%
cob
88%
col
88%
cox
88%
cud
88%
coo
85%
coy
85%
cel
83%
cue
83%
coz
81%
cub
81%
cuz
81%
cee
77%
chi
73%
cis
73%
cry
71%
cig
69%
cru
56%
cwm
15%
No matching quizzes found
Score Distribution
Percent of People with Each Score
Percentile by Number Answered
Your Score History
You have not taken this quiz